000 00839nam a2200241Ia 4500
003 OSt
005 20220925202820.0
006 a|||||r|||| 00| 0
007 ta
008 220923b |||||||| |||| 00| 0 eng d
037 _cGeneral Book
040 _aRTL
_cRTL
_beng
041 _2eng
_aeng
082 _aX:77.2.N8, M9/Th
100 _aDEEPASHREE.
_9264409
245 0 _aPerspectives for infrastructural development in India.
260 _aDelhi
_bUniversity of Delhi
_c1989
300 _a162p Bibliography: P 159-62
_ccm.
490 _aUniversity of Delhi, Commerce and Business (Faculty of-), Dissertation. Dissertation, University of Delhi, Commerce and Business (Faculty of-
650 _aeconomic Development
_917300
942 _hX:77.2.N8, M9/Th
_cGB
_2CC
999 _c544180
_d544180